Central Library OPAC University of Rajshahi

Survey of international affairs 1955-1956 / (Record no. 16184)

MARC details
000 -LEADER
fixed length control field 01154nam a2200277 a 4500
001 - CONTROL NUMBER
control field 16184
003 - CONTROL NUMBER IDENTIFIER
rucl marc code BD-RjUL
005 - DATE AND TIME OF LATEST TRANSACTION
control field 20211208235954.0
008 - FIXED-LENGTH DATA ELEMENTS--GENERAL INFORMATION
fixed length control field 170320s1960 uk go 000 0 eng u
035 ## - SYSTEM CONTROL NUMBER
System control number (BD-RjUL)16239
040 ## - CATALOGING SOURCE
Original cataloging agency MIGCL
Language of cataloging eng
Transcribing agency MIGCL
Description conventions rda
Modifying agency BD-RjUL
041 ## - LANGUAGE CODE
Language code of text/sound track or separate title eng
082 ## - DEWEY DECIMAL CLASSIFICATION NUMBER
Edition number 23
Classification number 327
Author mark and year ROS 1960
110 1# - MAIN ENTRY--CORPORATE NAME
Corporate name or jurisdiction name as entry element Royal Institute of International Affairs
9 (RLIN) 233578
245 10 - TITLE STATEMENT
Title Survey of international affairs 1955-1956 /
Statement of responsibility, etc. Royal Institute of International Affairs ; by Geoffrey Barraclough and Rachel F. Wall
264 #1 - PRODUCTION, PUBLICATION, DISTRIBUTION, MANUFACTURE, AND COPYRIGHT NOTICE
Place of production, publication, distribution, manufacture London :
Name of producer, publisher, distributor, manufacturer Oxford University Press,
Date of production, publication, distribution, manufacture, or copyright notice 1960.
300 ## - PHYSICAL DESCRIPTION
Pagination viii, 327 p. ;
Size 24 cm.
500 ## - GENERAL NOTE
General note "Issued under the auspices of the Royal Institute of International Affairs"
504 ## - BIBLIOGRAPHY, ETC. NOTE
Bibliography, etc Includes Index
650 10 - SUBJECT ADDED ENTRY--TOPICAL TERM
Topical term or geographic name as entry element International relations.
9 (RLIN) 233579
Topical term or geographic name as entry element World politics.
9 (RLIN) 233580
700 1# - ADDED ENTRY--PERSONAL NAME
Personal name Barraclough, Geoffrey
Personal name Wall, Rachel F. , jt. auth.
942 ## - ADDED ENTRY ELEMENTS (KOHA)
Source of classification or shelving scheme Dewey Decimal Classification
Koha item type Rare Books
Holdings
Lost status Source of classification or shelving scheme Damaged status Not for loan Collection code Permanent Location Current Location Shelving location Date acquired Source of acquisition Cost, normal purchase price Total Checkouts Full call number Date last seen Copy number Koha item type
  Dewey Decimal Classification   Not For Loan Rare Books Central Library, University of Rajshahi Central Library, University of Rajshahi Rare Book Section 12/09/1970 zeitlinger 55.00   RA 327 ROS 1960 10/10/2019 C-1 Rare Books